LEADER 01078nam a2200277 i 4500 001 000000216672 003 CaOOAMICUS 005 20190409180902.0 008 121119s2012 it u000 u ita u 013 $a195567 020 $a978-88-420-9787-7 040 $aSeMil$bita 100 1 $aPievani, Telmo,$d<1970- >.$0(OLS)http://semarc/name/92497 245 10$aIntroduzione a Darwin /$cdi Telmo Pievani. 264 1$aRoma ; Bari :$bLaterza,$c2012. 300 $a193 p. ;$c18 cm 490 0 $aI filosofi ;$v100 600 14$aDarwin, Charles <1809-1882>.$0(OLS)http://semarc/subject/23882 830 2$aI filosofi ;$v100.$0(OLS)http://semarc/title/6925 850 $aSeMil 852 $aSeMil$W1$xVenegono$y1$m2LA M 100$j262360$B167089$CSeMilBibl$Z2$F177891 $81 961 $aAcquisto: Āncora (Libreria) 996 $6020$a978-88-420-9787-7$9(OLS)http://semarc/number/213773 996 $6245$aIntroduzione a Darwin$9(OLS)http://semarc/title/311496 996 $6264$aRoma ; Bari :$bLaterza$9(OLS)http://semarc/publisher/30305 LEADER 01509nam a2200313 i 4500 001 000000044681 003 CaOOAMICUS 005 20220927091759.0 008 091019s1973 gw u000 u ger u 013 $a15851 020 $a3-511-04275-5 040 $aSeMil$bita 100 1 $aEngdahl, Richard.$0(OLS)http://semarc/name/22255 245 10$aBeiträge zur Kenntnis der byzantinischen Liturgie :$bTexte und Studien /$cRichard Engdahl. 250 $aNeudruck der Ausgabe Berlin 1907 260 $aAalen :$bScientia Verlag,$c1973. 300 $a149 p. ;$c24 cm. 490 0 $aNeue Studien zur Geschichte der Theologie und der Kirche ;$v5 500 $aTesti in lingua originale greca presi dal Codex E.M. 6 (Biblioteca di Karlsruhe) 500 $aRilegato con i vol. con segnatura 2B IV 226/1, 2B IV 226/3 e 2B IV 226/4 650 4$aLiturgia bizantina.$0(OLS)http://semarc/subject/308 830 0$aNeue Studien zur Geschichte der Theologie und der Kirche ;$v5.$0(OLS)http://semarc/title/66156 850 $aSeMil 852 $aSeMil$W1$xVenegono$y1$m2B IV 226/2$j10836$B10836$CSeMilBibl$Z2$F10836 $81 961 $aRilegato con i vol. con segnatura 2B IV 226/1, 2B IV 226/3 e 2B IV 226/4 996 $6020$a3-511-04275-5$9(OLS)http://semarc/number/16624 996 $6245$aBeiträge zur Kenntnis der byzantinischen Liturgie :$bTexte und Studien$9(OLS)http://semarc/title/66166 996 $6260$aAalen :$bScientia Verlag$9(OLS)http://semarc/publisher/30333